Assured tenancies: contracting out? (Record no. 67113)

MARC details
000 -LEADER
fixed length control field 01028cam a2200241 4500
001 - CONTROL NUMBER
control field ABS64015
008 - FIXED-LENGTH DATA ELEMENTS--GENERAL INFORMATION
fixed length control field 000000n2001 000 0 eng u
035 ## - SYSTEM CONTROL NUMBER
System control number (Sirsi) u112723
100 ## - MAIN ENTRY--PERSONAL NAME
Personal name Pawlowski, M
245 ## - TITLE STATEMENT
Title Assured tenancies: contracting out?
260 ## - PUBLICATION, DISTRIBUTION, ETC.
Date of publication, distribution, etc. 2001
490 ## - SERIES STATEMENT
Series statement Solicitors' Journal
Volume/sequential designation 145(19) 18 May 2001, 448-449(2)
520 ## - SUMMARY, ETC.
Summary, etc. Discusses both judgments from the CA ruling in "Bankway Properties Ltd v Dunsford", which dispel the notion that a landlord can avoid statutory protection under the Housing Act 1988 by incorporating a flawed rent review clause in an assured tenancy agreement as a device to gain possession or force the tenant to leave.
590 ## - LOCAL NOTE (RLIN)
Local note ABS
650 ## - SUBJECT ADDED ENTRY--TOPICAL TERM
Topical term or geographic name entry element HOUSING ACT 1988
650 ## - SUBJECT ADDED ENTRY--TOPICAL TERM
Topical term or geographic name entry element ASSURED TENANCIES
650 ## - SUBJECT ADDED ENTRY--TOPICAL TERM
Topical term or geographic name entry element BANKWAY PROPERTIES LTD V DUNSFORD AND ANOTHER
650 ## - SUBJECT ADDED ENTRY--TOPICAL TERM
Topical term or geographic name entry element RENT REVIEW CLAUSES
650 ## - SUBJECT ADDED ENTRY--TOPICAL TERM
Topical term or geographic name entry element CONTRACTING OUT
690 ## - LOCAL SUBJECT ADDED ENTRY--TOPICAL TERM (OCLC, RLIN)
Topical term or geographic name as entry element PROPERTY-RESIDENTIAL PROPERTY-RESIDENTIAL LANDLORD AND TENANT-RESIDENTIAL TENANCIES
700 ## - ADDED ENTRY--PERSONAL NAME
Personal name Brown, J
942 ## - ADDED ENTRY ELEMENTS (KOHA)
Suppress in OPAC 0
Holdings
Withdrawn status Lost status Source of classification or shelving scheme Damaged status Not for loan Home library Current library Shelving location Date acquired Total Checkouts Full call number Barcode Date last seen Copy number Price effective from Koha item type
    Dewey Decimal Classification     London London Journal article 23/05/2001   ABS64015 112723-1001 06/08/2019 1 06/08/2019 Journal article